000 00835cam a2200217 4500
001 ##L134927
008 060911n2006 000 0 eng u
035 _a(Sirsi) u134927
041 0 _aeng
050 0 4 _a306.1 $2 18
100 _aTaylor, Marilyn
245 0 4 _aThe importance of the neighbourhood
_btackling the implementation gap
260 _aYork
_bJoseph Rowntree Foundation
_c2006
300 _a19p.
_c30cm.
520 _aExamines research in the field of neighbourhoods, and suggests ways in which government can advance the neighbourhood agenda and make it more effective. Discusses issues such as diversity, employment and funding.
590 _aIKA190906
651 4 _aEngland
_y886-
690 _aENVIRONMENTAL AND LAND CONSULTANCY-SUSTAINABILITY-SUSTAINABLE DEVELOPMENT
700 1 _aWilson, Mandy
942 _n0
999 _c105848
_d105848